[Event "Oviedo op 8th"]
[Site "Oviedo"]
[Date "2022.07.23"]
[Round "9"]
[White "Alvarez Sala Courel, Fernando"]
[Black "Cuevas Yanez, Jose"]
[Result "1-0"]
[WhiteElo "1001"]
[BlackElo "1464"]
[PlyCount "53"]
[EventDate "2022.07.17"]
[EventType "swiss"]
[EventRounds "9"]
[EventCountry "ESP"]
[SourceTitle "CBM 209 Extra"]
[Source "ChessBase"]
[SourceDate "2022.09.30"]
[SourceVersion "1"]
[SourceVersionDate "2022.09.30"]
[SourceQuality "1"]

1. e4 d5 2. exd5 Qxd5 3. Nc3 Qd6 4. d3 Nf6 5. h3 Bf5 6. Be3 e6 7. Qd2 c6 8. 0-0-0 Nbd7 9. Nf3 Be7 10. d4 h6 11. Bd3 Bxd3 12. Qxd3 0-0 13. g4 Nd5 14. Nxd5 Qxd5 15. Bf4 g5 16. Bg3 Qxa2 17. h4 f6 18. hxg5 fxg5 19. Rxh6 Rf7 20. Qg6+ Rg7 21. Qh5 Qa1+ 22. Kd2 Bb4+ 23. Ke2 Qa6+ 24. Rd3 Kf8 25. Rh8+ Ke7 26. Rxa8 Nf6 27. Qh8 1-0

[Event "Oviedo op 8th"]
[Site "Oviedo"]
[Date "2022.07.18"]
[Round "3"]
[White "Alvarez Sala Courel, Fernando"]
[Black "Vallina Campillo, Miguel Angel"]
[Result "0-1"]
[WhiteElo "1001"]
[BlackElo "1592"]
[PlyCount "88"]
[EventDate "2022.07.17"]
[EventType "swiss"]
[EventRounds "9"]
[EventCountry "ESP"]
[SourceTitle "CBM 209 Extra"]
[Source "ChessBase"]
[SourceDate "2022.09.30"]
[SourceVersion "1"]
[SourceVersionDate "2022.09.30"]
[SourceQuality "1"]

1. e4 Nc6 2. Nf3 e5 3. d4 exd4 4. Nxd4 Bc5 5. Be3 Qf6 6. c3 Nge7 7. Nc2 Bb6 8. Bxb6 axb6 9. Nd4 Ng6 10. Nxc6 bxc6 11. Qd4 Qxd4 12. cxd4 Ra4 13. Nc3 Rxd4 14. Rd1 Rxd1+ 15. Nxd1 d5 16. exd5 cxd5 17. Bd3 Nf4 18. Bb5+ Bd7 19. Bxd7+ Kxd7 20. Kd2 Ra8 21. a3 d4 22. f3 c5 23. Nf2 Re8 24. Ne4 f5 25. Ng3 g6 26. Rg1 h5 27. h4 Kc6 28. a4 c4 29. Rc1 Kc5 30. a5 bxa5 31. Ra1 Kb4 32. Rb1 Kb3 33. Rc1 Re3 34. Rb1 a4 35. Rc1 a3 36. bxa3 c3+ 37. Kd1 Rd3+ 38. Ke1 Kb2 39. Ne2 Nxg2+ 40. Kf2 Rd2 41. Kxg2 Rxe2+ 42. Kf1 d3 43. Rd1 Rd2 44. Re1 c2 0-1